000 00263nam a22001217a 4500
020 _a0-7214-1651-9
082 _a823
_bPOT/J
100 _aPOTTER BEATRIX
245 _aMR JEREMY FISHER
260 _aUK
_bLADY BIRD
650 _aENGLISH SHORT STORY
_zUK
942 _cBK
999 _c2121
_d2121